000 01184nam2a2200325 4500
001 RU\NLR\bibl\141761
005 20250618044914.0
010 _a5-89815-038-2
_95000
021 _aRU
_b2000-50695
_92336
035 _a(NLR Aleph) 000138878
090 _a794486
_c794486
100 _a20010205d2000 |||y0rusy50 ca
101 0 _arus
102 _aRU
105 _aa z |||||
200 1 _aСтажерство
_e[Метод. указания для начинающих]
210 _d2000
_aБ. м.
215 _a189 с.
_cил.
461 0 _1001RU\NLR\bibl\148609
_12001#$aАгент национальной недвижимости$vКн. 1
_9834739
_aБурэ, Ю. Э.
_cСПб.
_d2000
_fБурэ Ю.Э., Спарак В.Ф.
_nКАРО
_tАгент национальной недвижимости
_vКн. 1
610 0 _aСделки (юрид.) с жилыми помещениями
610 0 _aРынок жилья
675 _a332.72(093.3)
_v3
_zrus
686 _a06.61
_2rugasnti
686 _a65.32
_2rubbk
801 0 _aRU
_bRKP
_c20010205
_gPSBO
801 1 _aRU
_bRKP
_c20010205
801 2 _aRU
_bNLR
_c20010423
_grcr
942 _cBOOK
980 _aNB